Specjalny quiz na 6 mln rozwiązań - nagła śmierć - Statystyki

Ogólne statystyki
  • Ten quiz został rozwiązany 724 razy
  • Średni wynik to 5 z 14
Answers on the Grid
Answers color-coded by a green-red scale on the quiz's grid according to % correct below.
Nie
Tak
Tak
Nie
Nie
Tak
Tak
Nie
Nie
Tak
Tak
Tak
Nie
Tak
Nie
Tak
Nie
Nie
Tak
Nie
Tak
Nie
Tak
Tak
Tak
Nie
Tak
Nie
Nie
Nie
 
Statystyki odpowiedzi
Odpowiedź % Poprawnych
Tak
82%
Tak
65%
Tak
63%
Tak
54%
Tak
52%
Tak
47%
Tak
34%
Tak
25%
Tak
24%
Tak
24%
Tak
21%
Tak
14%
Tak
14%
Tak
14%
Nie znaleziono quizów pasujących do podanych kryteriów
Rozkład punktacji
Procent ludzi z każdym wynikiem
Percentyl według liczby udzielonych odpowiedzi
Twoja historia wyników
Nie rozwiązałeś tego quizu